Plantae americanae

Gorde:
Xehetasun bibliografikoak
Egile nagusia: Loefling, Pedro Löfling, Pehr (autor)
Erakunde egilea: Instituto Ibero-Americano Gotemburgo, Suecia (Egilea)
Formatua: Liburua
Hizkuntza:gaztelania
Argitaratua: Madrid Insula 1957
Gaiak:
Etiketak: Etiketa erantsi
Etiketarik gabe, Izan zaitez lehena erregistro honi etiketa jartzen!

MARC

LEADER 00000nam a2200000 a 4500
001 UCT2211
003 CL-VaPUC
008 961011e19570000SP |||||||||||||||||spa|d
082 0 4 |a 581.9  |b LOE  |2 21 
100 |a Loefling, Pedro  |e autor  |q Löfling, Pehr   |9 371266 
110 2 |a Instituto Ibero-Americano Gotemburgo, Suecia  |e author  |9 371267 
245 1 0 |a Plantae americanae 
300 |a 127 p 
942 |c BK 
945 |d 19961011 00:00:00  |a cmena 
260 |a Madrid  |b Insula  |c 1957 
650 0 |a Botánica  |9 264202 
650 0 |a Plantas  |9 264555 
650 7 |a PALEOBOTANICA  |2 CL-VaPUC  |9 344348 
650 0 |a Recursos vegetales  |9 356886 
651 0 |a América  |9 255182 
583 |a last modification  |c 19961011 00:00:00  |k Rodrigo Vera 
999 |c 252421  |d 252419